Biggest City in Every Country Starting with the same Letter - Native - Statistics

General Stats
  • This quiz has been taken 12 times
  • The average score is 31 of 140
Answer Stats
Country (Native name) City population City (Native name) % Correct
Australia 1,480,000 Adelaide
100%
Andorra 24,678 Andorra la Vella
100%
Belize 62,582 Belize City
100%
Brasil 3,900,000 Brasília
100%
Canada 1,740,000 Calgary
100%
Brunei Darussalam 46,000 Bandar Seri Begawan
92%
Barbados 110,000 Bridgetown
92%
België 2,825,000 Brussel
92%
Città del Vaticano 882 Città del Vaticano
92%
Jabuuti 600,000 Jabuuti
92%
Lëtzebuerg 76,684 Lëtzebuerg
92%
Niger 1,580,000 Niamey
92%
Portugal 1,660,000 Porto
92%
São Tomé and Príncipe 53,300 São Tomé
92%
Singapore 8,150,000 Singapore
92%
Sverige 2,350,000 Stockholm
92%
Deutschland 619,477 Düsseldorf
83%
Guyana 118,363 Georgetown
83%
Moçambique 2,650,000 Maputo
83%
Papua New Guinea 283,733 Port Moresby
83%
San Marino 4,118 San Marino
75%
Bosna i Hercegovina 185,042 Banja Luka
67%
Burundi 1,320,000 Bujumbura
67%
Colombia 3,000,000 Cali
67%
México 6,300,000 Monterrey
67%
Polska 570,352 Poznan
67%
Burkina Faso 1,304,020 Bobo-Dioulasso
58%
Venezuela 2,125,000 Valencia
58%
España 245,557 Elche
50%
Magyarország 294,144 Miskolc
50%
Schweiz 70,572 Sankt Gallen
50%
Cuba 310,819 Camaguey
42%
Chile 230,375 Concepción
42%
Nederland 189,850 Nijmegen
42%
South Africa 1,695,047 Soweto
42%
Česko 95,709 České Budějovice
33%
Italia 52,981 Imola
33%
Sénégal 176,000 Saint-Louis
33%
Turkmenistan 234,817 Türkmenabat
33%
Antigua and Barbuda 3,438 All Saints
25%
Latvija 85,132 Liepāja
25%
Shqipëria 154,612 Shkodra
25%
Argentina 60,373 Alta Gracia
17%
Kenya 216,479 Kisumu
17%
Pilipinas 222,673 Puerto Princesa
17%
Tanzania 224,876 Tanga
17%
Türkiye 256,482 Tarsus
17%
Azərbaycan 43,000 Aghjabadi
8%
Aotearoa 66,400 Ahuriri
8%
Aorōkin M̧ajeļ 1,700 Ajeltake
8%
Angola 104,000 Alto Cauale
8%
Ayiti 49,050 Ansagalèt
8%
Bahamas 2,361 Bailey Town
8%
Bolivia 29,459 Bermejo
8%
Belau 239 Bkulangriil
8%
Botswana 22,483 Bobonong
8%
Bénin 125,092 Bohicon
8%
Cabo Verde 3,175 Calheta de São Miguel
8%
Ecuador 155,487 Esmeraldas
8%
France 84,174 Fort-de-France
8%
Madagasikara 154,657 Mahajanga
8%
Mali 108,456 Mopti
8%
Malta 23,482 Mosta
8%
Norge 14,051 Narvik
8%
Slovensko 39,193 Spišská Nová Ves
8%
Việt Nam 341,552 Vũng Tàu
8%
Cameroun 6,923 Campo
0%
Costa Rica 165,417 Cartago
0%
Comores 6,179 Chandra
0%
Côte d'Ivoire 692,583 Cocody
0%
Danmark 12,327 Dragør
0%
Dominica 423 Dublanc
0%
El Salvador 26,987 El Tránsito
0%
Eesti 5,648 Elva
0%
Éire 8,564 Eochaill
0%
eSwatini 10,936 Ezulwini
0%
Federated States of Micronesia 3,471 Fefan
0%
Guinea Ecuatorial 7,251 Gabongobo
0%
Guiné-Bissau 43,556 Gabú
0%
Gabon 10,454 Gamba
0%
Ghana 74,403 Gbawe
0%
Grenada 3,378 Gouyave
0%
Guatemala 14,977 Gualán
0%
Guinée 221,715 Guéckédou
0%
Gambia 17,520 Gunjur
0%
Honduras 1,358 Humuya
0%
Hrvatska 3,979 Hvar
0%
Indonesia 123,263 Indramayu
0%
Ísland 2,625 Ísafjörður
0%
Jamaica 9,846 Junction
0%
Kosova 33,454 Kaçanik
0%
Kiribati 434 Kiebu
0%
Liberia 903 Latia
0%
Lesotho 2,178 Lejone
0%
Lietuva 11,773 Lentvaris
0%
Liechtenstein 40 Lums
0%
Moris 18,176 Mahébourg
0%
Moldova 1,396 Mărculești
0%
Malaysia 234,541 Miri
0%
Mu̍negu 38,423 Mu̍negu
0%
Malawi 175,345 Mzuzu
0%
Naoero 85 Ngengan
0%
Namibia 10,261 Nkurenkuru
0%
Nigeria 900,000 Nnewi
0%
Nicaragua 79,818 Nueva Guinea
0%
Österreich 8,060 Oberwart
0%
Panamá 52,494 Pacora
0%
Paraguay 75,109 Pedro Juan Caballero
0%
Perú 630,244 Piura
0%
România 107,558 Râmnicu Vâlcea
0%
République du Congo 894 Ranzi
0%
República Dominicana 16,998 Río San Juan
0%
République Centrafricaine 42,714 Rombatoui
0%
Rwanda 59,333 Ruhengeri
0%
République démocratique du Congo 56,066 Rutshuru
0%
Sesel 3,241 Saint Louis
0%
Sāmoa 3,816 Saleimoa
0%
Saint Kitts and Nevis 3,000 Sandy Point Town
0%
Solomon Islands 539 Seghe
0%
Suomi 67,258 Seinäjoki
0%
Soomaaliya 93,625 Sheekh
0%
Slovenija 11,969 Škofja Loka
0%
Sranang 150 Snesiekondre
0%
South Sudan 900 Sopo
0%
Saint Lucia 7,935 Soufrière
0%
Saint Vincent and the Grenadines 310 Spring Village
0%
Sierra Leone 6,500 Sulima
0%
Tonga 1,840 Tatakamotonga
0%
Tuvalu 773 Tekavatoetoe
0%
Togo 55,775 Tsévié
0%
Trinidad and Tobago 26,829 Tunapuna
0%
Timor-Leste 11,258 Turiscai
0%
Uruguay 149 Uleste
0%
Uganda 95,559 Uluko
0%
United States 76,443 Upland
0%
United Kingdom 41,731 Urmston
0%
Viti 5,616 Vatukoula
0%
Vanuatu 1,847 Votlo
0%
Zambia 26,885 Zambezi
0%
Zimbabwe 59,717 Zvishavane
0%
No matching quizzes found
Score Distribution
Percent of People with Each Score
Percentile by Number Answered
Your Score History
You have not taken this quiz